000 00327nam a2200097Ia 4500
005 20250424112856.0
008 250424s9999 xx 000 0 und d
300 _a70 p. :ill. ; 28 cm
650 _aEntrepreneurship--Nigeria--Periodicals. Economic development--Nigeria--Periodicals. Management--Nigeria--Periodicals.
942 _cSR
999 _c37643
_d37643